Çıkış yolu (Record no. 10050)

MARC details
000 -BAŞLIK
Sabit Uzunlukta Kontrol Alanı 00960na a2200301 4500
001 - KONTROL NUMARASI
Denetim Alanı 15871
003 - KONTROL NUMARASI IDENTIFIER
Denetim Alanı MIRAKIL
005 - SON İŞLEM TARİHİ VE ZAMANI
Denetim Alanı 20181213155305.0
008 - SABİT-BOY VERİ ELEMANLARI - GENEL BİLGİLER
Sabit Uzunlukta Kontrol Alanı 161009b tu 000 0
020 ## - ULUSLARARASI STANDART KİTAP NUMARASI
Uluslararası Standart Kitap Numarası 9789751912904
035 ## - SİSTEM KONTROL NUMARASI
Sistem Kontrol Numarası 15871
040 ## - KATALOGLAMA KAYNAK
Orijinal Kataloglama Ajansı Milas
Kataloglama Dili tur
Metne Dönüştürmek Ajansı TR-AnCHP
041 ## - DİL KODU
Metin / Ses Parça Veya Ayrı Başlığın Dil Kodu tur
082 ## - DEWEY ONLU SINIFLANDIRMA NUMARASI
Sınıflandırma Numarası 327.1
Ürün Numarası Ö95ç 2008
090 ## - SINIFLAMA NUMARASI
Sınıflama Numarası 327.1 Ö95ç 2008
100 ## - ANA GİRİŞ - KİŞİSEL İSİM
Kişisel Ad Öymen, Onur
Bir Adıyla İlişkilendirilen Tarihler 1940-
245 ## - BAŞLIK TABLOSU
Başlık Çıkış yolu
Başlığın Kalan dış baskılara karşı tam bağımsızlığı korumak
Sorumluluk Tablosu, Vb Onur Öymen ; editör Necla Feroğlu
246 ## - UNVAN FORM VARYING
Başlık Doğru / Kısa Başlığı dış baskılara karşı tam bağımsızlığı korumak
260 ## - YAYIN, DAĞITIM, VB
Yayın, Dağıtım, Vb Yeri İstanbul
Yayıncı, Dağıtıcı, Vs Adı Remzi
Yayın, Dağıtım, Vb Tarihi 2008
300 ## - FİZİKSEL TANIM
Kapsam 496 s.
Boyutlar 20 sm.
504 ## - KAYNAKÇA VB NOT
Kaynakça Vb Notu Kaynakça ve dizin var.
650 ## - KONU KATMA GİRİŞ - TOPİKAL DÖNEM
Topikal Süreli Veya Coğrafi Ad Giriş Elemanı Uluslararası ilişkiler
Coğrafi Alt Bölümü Türkiye
650 ## - KONU KATMA GİRİŞ - TOPİKAL DÖNEM
Topikal Süreli Veya Coğrafi Ad Giriş Elemanı Siyasal tarih
Kronolojik Alt Bölümü 20. yüzyıl
650 ## - KONU KATMA GİRİŞ - TOPİKAL DÖNEM
Topikal Süreli Veya Coğrafi Ad Giriş Elemanı Siyaset ve yönetim
Genel Alt Bölümü Dış müdahaleler
651 ## - KONU KATMA GİRİŞ - COĞRAFİ ADI
Coğrafi İsim Türkiye
Genel Alt Bölümü Dış politika
Kronolojik Alt Bölümü 21. yüzyıl
700 ## - KATMA GİRİŞ - KİŞİSEL İSİM
Kişisel Ad Feroğlu, Necla
942 ## - EKLENDİ GİRİŞ ELEMANLARI (KOHA)
Sınıflandırma Veya Raf Düzeni Kaynak Dewey Decimal Classification
Koha Öğesi Türü Books
999 ## - SİSTEM KONTROL NUMARALARI (KOHA)
Koha Biblionumber 10050
Koha Biblioitemnumber 10050
Holdings
Kalıcı Konum Mevcut Konum Edinme Tarihi Edinim Kaynak Toplam Check-Out'Lar Tam Çağrı Numarası Barkod Tarih Son Görülme İtibaren Geçerli Fiyatlar Koha Öğesi Türü
Parti Okulu Kütüphanesi Parti Okulu Kütüphanesi 09/25/2016 Bağış   327.1 Ö95ç 2008 P00514 09/25/2016 09/25/2016 Books